Udržateľný rozvoj ekonomického zdravia podniku
Na minha lista:
| Autor principal: | |
|---|---|
| Outros Autores: | , , , |
| Formato: | Livro |
| Idioma: | eslovaco |
| Publicado em: |
Nitra
Agroinštitút Nitra
2018
|
| Edição: | 1. vydanie |
| Assuntos: | |
| Tags: |
Sem tags, seja o primeiro a adicionar uma tag!
|
MARC
| LEADER | 00000nlm a2200000 4500 | ||
|---|---|---|---|
| 001 | 0252413 | ||
| 005 | 20240502074040.2 | ||
| 020 | |a 978-80-7139-160-9 | ||
| 041 | 0 | |a slo | |
| 044 | |a SK | ||
| 245 | 1 | 0 | |a Udržateľný rozvoj ekonomického zdravia podniku |c Marek Dvořák, Elena Moravčíková, Miroslav Kmeťko ; recenzenti: Elena Fetisovová, Pavel Škriniar |
| 250 | |a 1. vydanie | ||
| 264 | 1 | |a Nitra |b Agroinštitút Nitra |c 2018 | |
| 300 | |a CD-ROM [132 s.] [9,36 AH] | ||
| 610 | 2 | 0 | |a podnik |
| 610 | 2 | 0 | |a financie podnikové |
| 610 | 2 | 0 | |a rozvoj trvalo udržateľný |
| 610 | 2 | 0 | |a prognózy |
| 610 | 2 | 0 | |a hospodárstvo podnikové |
| 610 | 2 | 0 | |a analýza nákladov |
| 610 | 2 | 0 | |a kalkulácia |
| 610 | 2 | 0 | |a výrobky |
| 610 | 2 | 0 | |a portfólio |
| 610 | 2 | 0 | |a investovanie |
| 100 | 1 | |a Dvořák, Marek | |
| 700 | 1 | |a Moravčíková, Elena, 1967- | |
| 700 | 1 | |a Kmeťko, Miroslav, 1969- | |
| 700 | 1 | |a Fetisovová, Elena | |
| 700 | 1 | |a Škriniar, Pavel, 1979- | |